| 000 | 01054nam a2200313Ia 4500 | ||
|---|---|---|---|
| 005 | 20220317000531.0 | ||
| 008 | 160601s2004 sp g 000 0 spa d | ||
| 020 | _a8426134009 | ||
| 100 | 1 |
_aDickens, Charles _d1812-1870 |
|
| 245 | 1 | 0 |
_aDavid Copperfield _cCharles Dickens ; traducción Rosa Cabrera |
| 250 | _a1a. edición | ||
| 300 |
_a815 páginas _c18 cm |
||
| 490 | _aLibros de bolsillo | ||
| 600 |
_aDickens, Charles _d1812-1870 _xCrítica e interpretación _947380 |
||
| 650 | 1 | 4 |
_2LEMB _aNovela inglesa _ySiglo XIX |
| 650 | 1 | 4 |
_2LEMB _aLiteratura inglesa _ySiglo XIX |
| 650 | 1 | 4 |
_2LEMB _aNovela fantástica _ySiglo XIX |
| 650 | 1 | 4 | _2LEMB |
| 650 | 1 | 4 |
_2LEMB _aViajes en la literatura |
| 650 | 1 | 4 |
_2LEMB _aHuérfanos en la literatura |
| 700 | 1 |
_aCabrera, Rosa _etraductor _947383 |
|
| 942 |
_2loc _cBKLIT |
||
| 264 |
_aBarcelona _bJuventud _c2004 |
||
| 336 |
_atexto _btxt _2rdacontent |
||
| 337 |
_asin mediación _bn _2rdamedia |
||
| 338 |
_avolumen _bnc _2rdacarrier |
||
| 040 |
_aCO-BoRNBP _bspa _erda _cCO-BoRNBP |
||
| 084 | _aN DIC1 | ||
| 999 |
_c4315 _d4315 |
||